000 01783nam a2200241Ia 4500
008 260220t1965||||xx |||||||||||||| ||spa||
040 _aPY-SlUNAC
_bspa
_erda
041 _aspa
082 _a510
_bMc172m
100 _aMcGee, R. V.
_eAutor
245 0 _aMatemáticas en agricultura /
_cpor R. V. McGee [Autor]
264 _aCiudad de México :
_bTrillas,
_c℗1965.
300 _a1 volumen
520 _aEl libro "Matemáticas en Agricultura" de R. V. McGee presenta una integración fundamental entre las matemáticas y su aplicación práctica en el campo agrícola. A lo largo de sus capítulos, el autor aborda conceptos matemáticos esenciales que son vitales para la toma de decisiones en la agricultura, como estadísticas, álgebra y geometría, aplicándolos a situaciones reales que enfrentan los agricultores. McGee destaca la importancia de la medición y el análisis de datos para optimizar la producción, gestionar recursos y mejorar la eficiencia en las prácticas agrícolas. Además, el texto incluye ejemplos concretos y ejercicios que permiten a los lectores entender cómo las matemáticas pueden ser herramientas valiosas para resolver problemas específicos en la agricultura. Al fomentar una comprensión sólida de las matemáticas en este contexto, el libro no solo contribuye al desarrollo profesional de los agricultores, sino que también promueve un enfoque más científico y racional en la gestión agrícola, ofreciendo un recurso útil para estudiantes y profesionales del sector.
653 _aAgricultura
653 _aEducación agrícola
653 _aMatemáticas
942 _b2026/02/17
_cBK
999 _c7372
_d7372